Responses for show #5846 - Monday, February 1, 2010

2010-A College Championship quarterfinal game 1.

Contestants

Danny Vopava, a sophomore from the University of Wisconsin–River Falls

Ryan Stoffers, a sophomore from UCLA

Lyndsey Romick, a sophomore from Lewis & Clark College

Jeopardy! Round responses

19th CENTURY AMERICA
IT'S A MALL WORLD
STARTS WITH 2 VOWELS
(Alex: Each correct response.)
THINGS WITH STINGS
COLLEGE FADS
STREAKING
    $200 16
the Rio Grande

Danny
    $200 21
China

Lyndsey
    $200 2
an oink

Ryan
    $200 27
queens

Danny
    $200 7
a piano

Ryan
    $200 1
the Lakers

Danny
    $400 17
Boss Tweed

Ryan
    $400 22
(Danny: What is Rio de Janeiro?)

São Paulo

LyndseyDanny
    $400 3
our

Lyndsey
    $400 28
a scorpion

Ryan
    $400 8
phone booths

Lyndsey
    $400 13
(Alex: Yeah, got in there ahead of Ryan!)

the PAC 10

Lyndsey
    $600 18
the Alaska Territory

Lyndsey
    $600 23
(Lyndsey: What is Ontario?)

Alberta

LyndseyRyan
    $600 4
aimless

Ryan
    $600 10
an African killer bee

Ryan
    $600 9
goldfish

Danny
    $600 14
Michael Phelps

Lyndsey
    $800 19
Stephen Douglas

Danny
    $800 24
Louvre

Triple Stumper
    $1,000 5
Iowa

Ryan
    $800 29
(Ryan: What is throws up?)
[Alex laughs]

lays its eggs

RyanDanny
    $800 11
hackysacks

Danny
    $800 15
Gretzky

Danny
    $1000 20
(Danny: Who's Andrew Jackson?)
(Lyndsey: Who is Harrison?)
(Alex: Harrison? Which one?)

William Henry Harrison

LyndseyDanny
    $1000 25
(Danny: What is Fleet Street?)

Pall Mall

Danny
Triple Stumper
    $1000 6
(Lyndsey: What is to foretell?)

augur

Lyndsey
Triple Stumper
    $1000 30
carpenter

Lyndsey
    $1000 12
bell-bottoms

Danny
    $1000 26
Joe DiMaggio

Ryan

Scores at the first commercial break (after clue 15):

Lyndsey Ryan Danny
$800 $2,600 $3,400

Scores at the end of the Jeopardy! Round:

Lyndsey Ryan Danny
$3,400 $4,200 $3,000

Double Jeopardy! Round responses

FRATERNITIES
POP CULTURE
TYPES OF...
BOB'S YOUR POET
JUST AVERAGE
FROM THE GREEK FOR...
    $400 26
the Masons

Danny
    $400 6
Slumdog Millionaire

Danny
    $400 16
pickles

Lyndsey
    $400 11
Dante

Ryan
    $400 21
26 miles (& 385 yards)

Ryan
    $400 1
a Phoenix

Ryan
    $800 30
(Danny: What are elk?)

moose

LyndseyDanny
    $800 7
a Chihuahua

Danny
    $800 17
(Ryan: What are cherries?)

search engines

RyanDanny
    $800 12
(Rabbie) Burns

Danny
    $800 22
(Danny: What is 191?)
(Ryan: What is 245?)

199

RyanDanny
Triple Stumper
    $800 2
a pseudonym

Lyndsey
    $1200 29
the Kiwanis

Ryan
    $1200 8
Rachael Ray

Ryan
    $1200 20
tires

Lyndsey
    $1200 13
rosebuds

Danny
    $1200 23
mean

Lyndsey
    $1200 3
a chorus

Ryan
    $1,000 28
(Alex: There are two clues left on the board and you can see the score.)

the Knights of Columbus

Danny
    $1600 9
Chicago

Ryan
    $1600 19
offenses in football

Ryan
    $1600 14
Robert Frost

Ryan
    $1600 24
(Danny: What is 5?)

six

RyanDanny
    $2,000 4
Exodus

Ryan
    $2000 27
Hibernians

Triple Stumper
    $2000 10
Scarlett Johannson

Ryan
    $2000 18
(Lyndsey: What are Christians?)

languages

Lyndsey
Triple Stumper
    $2000 15
Robert Lowell, Jr.

Triple Stumper
    $2000 25
weighted average

Ryan
    $2000 5
a mnemonic

Danny

Scores at the end of the Double Jeopardy! Round:

Lyndsey Ryan Danny
$5,800 $19,800 $7,200
(lock game)

Final Jeopardy! Round responses

MEDICINE
LyndseyWhat is
$100
DannyWhat is the platypus?
$7,200
RyanWhat is H1N1?
$511
H1N1 (or swine flu)

Final scores:

Lyndsey Ryan Danny
$5,700 $20,311 $0
2nd place: $5,000 if eliminated Automatic semifinalist 3rd place: $5,000 if eliminated

Game dynamics:

Coryat scores:

Lyndsey Ryan Danny
$5,800 $19,200 $7,800
14 R,
3 W
22 R
(including 2 DDs),
3 W
17 R
(including 1 DD),
6 W

Combined Coryat: $32,800

The J! Archive is created by fans, for fans. The Jeopardy! game show and all elements thereof, including but not limited to copyright and trademark thereto, are the property of Jeopardy Productions, Inc. and are protected under law. This website is not affiliated with, sponsored by, or operated by Jeopardy Productions, Inc. Join the discussion at JBoard.tv.